000
00215 a2200097 4500
020
_a
9789362549785
100
_a
Indu Menon
245
_a
Aanavetta(ആന വേട്ട)
260
_b
D C books
_c
2025
942
_c
OO
999
_c
115316
_d
115315